Diseases of the ear, nose and throat; (Record no. 38054)

MARC details
000 -LEADER
fixed length control field 00642cam a22002171 4500
001 - CONTROL NUMBER
control field med47000390
003 - CONTROL NUMBER IDENTIFIER
control field DLC
005 - DATE AND TIME OF LATEST TRANSACTION
control field 20260227111559.0
008 - FIXED-LENGTH DATA ELEMENTS--GENERAL INFORMATION
fixed length control field 811121s1946 xx a 000 0 eng
010 ## - LIBRARY OF CONGRESS CONTROL NUMBER
LC control number med47000390
035 ## - SYSTEM CONTROL NUMBER
System control number (OCoLC)14751565
040 ## - CATALOGING SOURCE
Original cataloging agency DLC
Transcribing agency DNLM
Modifying agency DLC
042 ## - AUTHENTICATION CODE
Authentication code premarc
050 00 - LIBRARY OF CONGRESS CALL NUMBER
Classification number RF46
Item number .L4 1946
060 0# - NATIONAL LIBRARY OF MEDICINE CALL NUMBER
Classification number WV 100
Item number L473d 1946
100 1# - MAIN ENTRY--PERSONAL NAME
Personal name Lederer, Francis L.
Fuller form of name (Francis Loeffler),
Dates associated with a name 1898-1973.
245 10 - TITLE STATEMENT
Title Diseases of the ear, nose and throat;
Remainder of title principles and practice of otorhinolaryngology ...
250 ## - EDITION STATEMENT
Edition statement 5th ed. ...
260 ## - PUBLICATION, DISTRIBUTION, ETC.
Place of publication, distribution, etc. Philadelphia,
Name of publisher, distributor, etc. Davis,
Date of publication, distribution, etc. 1946.
300 ## - PHYSICAL DESCRIPTION
Extent xii, 934 p.
Other physical details ill.

No items available.

Powered by Koha